Phương pháp Monte-Carlo và các vấn đề liên quan
Saved in:
| Main Author: | |
|---|---|
| Format: | Book |
| Language: | Undetermined |
| Published: |
Hà Nội
KHKT
1977
|
| Subjects: | |
| Tags: |
Add Tag
No Tags, Be the first to tag this record!
|
| Institutions: | Trung tâm Học liệu Trường Đại học Cần Thơ |
|---|
| LEADER | 00659nam a2200181Ia 4500 | ||
|---|---|---|---|
| 001 | CTU_1460 | ||
| 008 | 210402s9999 xx 000 0 und d | ||
| 082 | |a 519.282 | ||
| 082 | |b E71 | ||
| 100 | |a Phương pháp Monte-Carlo và các vấn đề liên quan | ||
| 245 | 0 | |a Phương pháp Monte-Carlo và các vấn đề liên quan | |
| 245 | 0 | |c Phương pháp Monte-Carlo và các vấn đề liên quan; Dịch giả: Phạm Thế Ngọc | |
| 260 | |a Hà Nội | ||
| 260 | |b KHKT | ||
| 260 | |c 1977 | ||
| 650 | |a mathematical statistics | ||
| 904 | |i Minh, 960814 | ||
| 980 | |a Trung tâm Học liệu Trường Đại học Cần Thơ | ||